Statistics for Periodic Table #2 of 2 - Elements that end in "-IUM"

Click here to take the quiz!

General Stats

  • This quiz has been taken 67 times
    (54 since last reset)
  • The average score is 55 of 79

Answer Stats

Atomic NumberHintElement% Correct
3LLithium
93%
13AAluminium
90%
2HHelium
90%
92UUranium
90%
4BBeryllium
87%
98CCalifornium
87%
99EEinsteinium
87%
94PPlutonium
87%
20CCalcium
83%
96CCurium
83%
32GGermanium
83%
12MMagnesium
83%
19PPotassium
83%
88RRadium
83%
70YYtterbium
83%
39YYttrium
83%
87FFrancium
80%
31GGallium
80%
93NNeptunium
80%
84PPolonium
80%
40ZZirconium
80%
55CCaesium
77%
24CChromium
77%
104RRutherfordium
77%
11SSodium
77%
23VVanadium
77%
95AAmericium
73%
56BBarium
73%
100FFermium
73%
49IIndium
73%
77IIridium
73%
115MMoscovium
73%
46PPalladium
73%
34SSelenium
73%
22TTitanium
73%
89AActinium
70%
58CCerium
70%
72HHafnium
70%
101MMendelevium
70%
81TThallium
70%
107BBohrium
67%
48CCadmium
67%
63EEuropium
67%
76OOsmium
67%
44RRuthenium
67%
21SScandium
67%
106SSeaborgium
67%
38SStrontium
67%
112CCopernicium
63%
110DDarmstadtium
63%
66DDysprosium
63%
68EErbium
63%
116LLivermorium
63%
41NNiobium
63%
111RRoentgenium
63%
37RRubidium
63%
90TThorium
63%
60NNeodymium
60%
102NNobelium
60%
45RRhodium
60%
52TTellurium
60%
105DDubnium
57%
108HHassium
57%
59PPraseodymium
57%
75RRhenium
57%
65TTerbium
57%
69TThulium
57%
97BBerkelium
53%
114FFlerovium
53%
64GGadolinium
53%
67HHolmium
53%
71LLutetium
53%
61PPromethium
53%
62SSamarium
53%
43TTechnetium
53%
103LLawrencium
50%
109MMeitnerium
47%
91PProtactinium
47%
113NNihonium
43%

Score Distribution

Percentile by Number Answered

Percent of People with Each Score

Your Score History

You have not taken this quiz since the last reset